000 00640nas a2200229Ia 4500
001 A04/R039-11567 [r000008853]
003 IT-MiCISF
005 20230313113256.0
008 161014c99999999xx |||||||||||| ||und||
040 _aIT-MiCISF
_cIT-MiCISF
041 _ait
100 _aDi Nicola Paola
_959666
245 0 _aFamiglia e servizi sociali nelle ricerche empiriche in Italia
250 _a"Bollettino di informazione e documentazione", n. 1
260 _c1983
300 _app. 78-86
500 _aservizi-sociali, welfare, famiglia
650 _aFamiglia
_956036
654 _aarticolo
942 _cCR
_2ddc
999 _c223695
_d223695
999 _bSi